000 00553nam a2200205Ia 4500
005 20250508164720.0
008 008 250505s9999 xx 000 0 eng d
037 _aTextual
040 _aFEDL
_beng
_cFEDL
041 _aeng
_2eng
084 _a510.7, NCE
_qFEDL
245 0 _aObjective-based test items in mathematics and techniques of framing good question papers
245 0 _cNCERT
260 _c1982
300 _a212p.
365 _aINR
_b7.5
546 _aMACESE
942 _cTEXL
_h510.7, NCE
999 _c1390729
_d1390729